| 000 | 007040000a22002290004500 | ||
|---|---|---|---|
| 003 | LK-CoMWRAF | ||
| 005 | 20231106181946.0 | ||
| 008 | 230817t2005 ||||| |||| 00| 0 eng d | ||
| 020 | _a0761933875 | ||
| 040 |
_aLK-CoMWRAF _dLK-CoMWRAF _eLK-CoMWRAF |
||
| 041 | _aeng | ||
| 082 |
_a303.48 _bWOM |
||
| 245 |
_aWomen,Security,South Asia: _bA Clearing in the Thicket |
||
| 260 |
_aNew Delhi: _bSage Publications, _c2005 |
||
| 300 |
_a215 p. ; 23 cm. _bIndex included |
||
| 650 | _aSECURITY, INTERNATIONAL-Social aspects | ||
| 650 | _aInternational relations -- Social aspects | ||
| 650 | _aSex role -- South Asia | ||
| 700 |
_aFaizal,, Farah _eed. |
||
| 700 |
_aRajagopalan, Swarna _eed. |
||
| 942 | _cBK | ||
| 999 |
_c1165 _d1165 |
||